000 00389nam a2200145Ia 4500
008 100415s9999 xx 000 0 und d
082 _b9795
_a580
100 _aBELL PETER
245 _aThe Diversity of Green Plants
260 _aENGLAND
_c1971
_bEDWARD ARNOLD
365 _b96.75
630 _aThe Diversity of Green Plants
730 _aThe Diversity of Green Plants
942 _cBOOK
999 _c592728
_d592725